The society of MIND /

Salvato in:
Dettagli Bibliografici
Autore principale: Minsky, Marvin (Autore)
Natura: Libro
Lingua:inglese
Pubblicazione: New York : Simon & Schuster, 1986
Tags: Aggiungi Tag
Nessun Tag, puoi essere il primo ad aggiungerne!!

MARC

LEADER 00000nam a22000003a 4500
001 stu3332
005 20150617225615.7
008 930319s1986----xxu-----------------eng-d
040 |a STU  |b slo 
041 0 |a eng 
044 |a xxu 
080 |a 159.955 
100 1 |a Minsky, Marvin  |4 aut 
245 1 |a The society of MIND /  |c [aut.] Minsky,Marvin 
260 |a New York :  |b Simon & Schuster,  |c 1986 
300 |a 339 s 
996 |c I*13UI3942  |l II680  |s A  |a 24  |w stu3332_0001